| 000 | 01219cam a22003734a 4500 | ||
|---|---|---|---|
| 001 | 11956015 | ||
| 003 | OSt | ||
| 005 | 20140310182759.0 | ||
| 008 | 000331s2001 moua b 001 0 eng c | ||
| 010 | _a 00037973 | ||
| 020 | _a9789812724908 | ||
| 020 | _a9812724907 | ||
| 020 | _a9780323067843 | ||
| 035 | _a(DNLM)100940835 | ||
| 040 |
_aDNLM/DLC _cDLC _dDLC |
||
| 042 | _apcc | ||
| 050 | 0 | 0 |
_aRT 41 _b.P844 2009 |
| 100 | 1 | _aPotter, Patricia Ann. | |
| 245 | 1 | 0 |
_aFundamentals of nursing / _cPatricia A. Potter, Anne Griffin Perry. |
| 250 | _a5th ed. | ||
| 260 |
_aSt. Louis : _bMosby, _c2009. |
||
| 300 |
_axxxvii, 1785 p. : _bcol. ill. ; _c29 cm. _e1 computer disc (4 3/4 in.) |
||
| 504 | _aIncludes bibliographical references and index. | ||
| 521 | _aNUR | ||
| 650 | 0 | _aNursing. | |
| 650 | 1 | 2 | _aNursing Care. |
| 650 | 2 | 2 | _aNurse-Patient Relations. |
| 650 | 2 | 2 | _aNursing Process. |
| 700 | 1 | _aPerry, Anne Griffin. | |
| 906 |
_a0 _bvip _corignew _d1 _eocip _f20 _gy-gencatlg |
||
| 942 |
_2lcc _cBK _kFOR |
||
| 999 |
_c15934 _d15934 |
||